|
|
|
|
| LEADER |
02391nam a2200625 i 4500 |
| 001 |
nkc20243653722 |
| 003 |
CZ PrNK |
| 005 |
20250619160141.0 |
| 007 |
ta |
| 008 |
241206s2024 xr c e 000 0dcze |
| 015 |
|
|
|a cnb003653722
|
| 020 |
|
|
|a 978-80-53030-03-8
|q (vázáno)
|
| 035 |
|
|
|a (OCoLC)1498301396
|
| 040 |
|
|
|a BOA001
|b cze
|e rda
|
| 043 |
|
|
|a e-xr---
|
| 045 |
|
|
|a x-y-
|
| 072 |
|
7 |
|a 796
|x Sport. Hry. Tělesná cvičení
|2 Konspekt
|9 20
|
| 072 |
|
7 |
|a 929
|x Biografie
|2 Konspekt
|9 8
|
| 080 |
|
|
|a 796.071.2
|2 MRF
|
| 080 |
|
|
|a 796.071.2-055.2
|2 MRF
|
| 080 |
|
|
|a 614.8.02/.06:796/799
|2 MRF
|
| 080 |
|
|
|a 929
|2 MRF
|
| 080 |
|
|
|a (437.3)
|2 MRF
|
| 080 |
|
|
|a (0:82-94)
|2 MRF
|
| 100 |
1 |
|
|a Hartman, Pavel,
|d 1966-
|7 xx0038448
|4 aut
|
| 245 |
1 |
0 |
|a Cesty ze dna :
|b zpovědi sportovců, kteří porazili svůj osud /
|c autoři: Pavel Hartman, Martin Hašek, Štěpán Filípek, Miroslav Horák, Zdeněk Janda, Marián Šustr, Jakub Plaskura a Jaroslav Kalina
|
| 250 |
|
|
|a První vydání
|
| 264 |
|
1 |
|a Praha :
|b Czech News Center a.s.,
|c 2024
|
| 300 |
|
|
|a 237 stran :
|b portréty ;
|c 23 cm
|
| 336 |
|
|
|a text
|b txt
|2 rdacontent
|
| 337 |
|
|
|a bez média
|b n
|2 rdamedia
|
| 338 |
|
|
|a svazek
|b nc
|2 rdacarrier
|
| 490 |
1 |
|
|a Sport
|
| 648 |
|
7 |
|a 20.-21. století
|7 ch462155
|2 czenas
|
| 650 |
0 |
7 |
|a sportovci
|7 ph125942
|z Česko
|y 20.-21. století
|2 czenas
|
| 650 |
0 |
7 |
|a sportovkyně
|7 ph221999
|z Česko
|y 20.-21. století
|2 czenas
|
| 650 |
0 |
7 |
|a sportovní úrazy
|7 ph158518
|y 20.-21. století
|2 czenas
|
| 650 |
0 |
9 |
|a sportsmen
|z Czechia
|y 20th-21st centuries
|2 eczenas
|
| 650 |
0 |
9 |
|a sportswomen
|z Czechia
|y 20th-21st centuries
|2 eczenas
|
| 650 |
0 |
9 |
|a sports accidents
|y 20th-21st centuries
|2 eczenas
|
| 655 |
|
7 |
|a medailony
|7 fd185951
|2 czenas
|
| 655 |
|
9 |
|a biographical portraits
|2 eczenas
|
| 700 |
1 |
|
|a Hašek, Martin,
|d 1976-
|7 jn20010310042
|4 aut
|
| 700 |
1 |
|
|a Filípek, Štěpán,
|d 1977-
|7 mzk2006355789
|4 aut
|
| 700 |
1 |
|
|a Horák, Miroslav
|7 xx0327155
|4 aut
|
| 700 |
1 |
|
|a Janda, Zdeněk
|7 xx0327154
|4 aut
|
| 700 |
1 |
|
|a Šustr, Marián
|7 xx0327153
|4 aut
|
| 700 |
1 |
|
|a Plaskura, Jakub
|7 xx0327152
|4 aut
|
| 700 |
1 |
|
|a Kalina, Jaroslav
|7 xx0327151
|4 aut
|
| 830 |
|
0 |
|a Sport (Czech News Center)
|0 s
|
| 910 |
2 |
|
|a BOA001
|b 2-1537.182
|
| 990 |
|
|
|a BK
|
| 995 |
|
|
|a 01
|
| 991 |
|
|
|b 202501
|c NOV
|
| 996 |
6 |
|
|b 2610989312
|c 2-1537.182
|l MZK
|r Sklad / do 1 hodiny
|n 0
|p p.v.
|w 001988666
|u 000010
|a 1
|e BOA001
|j MZK50
|s P
|